000 00601nam a22001697a 4500
005 20251108172134.0
008 250721s1995 xx 000 0 ara d
082 1 4 _a922.17/عبد
100 1 _aالشرقاوي، عبد الرحمن
245 1 0 _aأئمة الفقه التسعة :
_bزيد بن علي زين العابدين - الإمام جعفر الصادق ..... /
264 1 _aالقاهرة :
_bدار غريب للطباعة و النشر و التوزيع،
_c1995.
300 _a339ص
650 1 7 _aالفقهاء
650 1 7 _aالتراجم
942 _2ddc
_cBK
999 _c71400
_d71400